[Event "TCh-FRA Nat1 Final"]
[Site "Belfort FRA"]
[Date "2004.05.08"]
[Round "8"]
[White "Legky,N"]
[Black "Schenk,A"]
[Result "1/2-1/2"]
[WhiteElo "2460"]
[BlackElo "2502"]
[EventDate "2004.05.01"]

1. d4 Nf6 2. c4 e6 3. Nf3 d5 4. e3 a6 5. Nc3 dxc4 6. a4 c5 7. Bxc4 Nc6 8.
O-O Be7 9. Qe2 cxd4 10. Rd1 e5 11. exd4 exd4 12. Nxd4 Nxd4 13. Qe5 Qd6 14.
Qxd6 Bxd6 15. Rxd4 Be5 16. Rd1 1/2-1/2

[Event "TCh-FRA Nat1 Final"]
[Site "Belfort FRA"]
[Date "2004.05.08"]
[Round "8"]
[White "Galdunts,S"]
[Black "Salaun,Y"]
[Result "1-0"]
[WhiteElo "2494"]
[BlackElo "2345"]
[EventDate "2004.05.01"]

1. e4 c5 2. Nf3 e6 3. Nc3 a6 4. g3 b5 5. d4 cxd4 6. Nxd4 Bb7 7. Bg2 Bb4 8.
O-O Ne7 9. Nde2 Nbc6 10. a4 bxa4 11. Nxa4 d6 12. Be3 Ba5 13. f4 Rb8 14. f5
exf5 15. exf5 Ne5 16. f6 gxf6 17. Bxb7 Rxb7 18. Rxf6 Bc7 19. Nf4 Rb4 20.
Nh5 Qd7 21. Rf1 Qc6 22. Nf6+ Kd8 23. c3 Rb5 24. b3 h5 25. c4 Rb4 26. Bd4
Kc8 27. Nc3 Bb6 28. Nce4 d5 29. Bxb6 dxe4 30. Ba5 Rb7 31. Qd4 Nf3+ 32. Rxf3
exf3 33. Ne4 Rg8 34. Nd6+ Kb8 35. Nxb7 Kxb7 36. Be1 Nf5 37. Qf4 Nd6 38. Rd1
Rg6 39. Bf2 Re6 40. Rd5 Ne4 41. Qxf7+ 1-0

[Event "TCh-FRA Nat1 Final"]
[Site "Belfort FRA"]
[Date "2004.05.08"]
[Round "8"]
[White "Karr,JP"]
[Black "Pinter,J"]
[Result "1/2-1/2"]
[WhiteElo "2360"]
[BlackElo "2494"]
[EventDate "2004.05.01"]

1. d4 d5 2. c4 e6 3. Nc3 c6 4. Nf3 Nf6 5. e3 Nbd7 6. Qc2 Bd6 7. Bd3 O-O 8.
O-O dxc4 9. Bxc4 b5 10. Be2 Bb7 11. Rd1 Qc7 12. Bd2 Rac8 13. b4 Rfe8 14. h3
e5 15. dxe5 Nxe5 16. Nd4 a6 17. a4 Bxb4 18. Ncxb5 axb5 19. Bxb4 c5 20. Bxb5
Re7 21. Ba3 cxd4 22. Qxc7 Rexc7 23. Bd6 Rc2 24. Bxe5 dxe3 25. Bd4 Rxf2 26.
Bf1 Nd5 27. Re1 Rfc2 28. Bxe3 h5 29. Bf2 Ra8 30. Bd3 Rb2 31. Rab1 Rxb1 32.
Rxb1 Bc6 33. Be4 Ne7 34. Bxc6 Nxc6 35. Rb6 Ne5 36. Rb5 f6 37. a5 Nc4 38.
Rxh5 Nxa5 39. Rc5 Nb3 40. Rd5 Ra2 41. Be3 Kh7 42. Kh2 Kg6 43. Kg3 Na5 44.
Rc5 Ra4 45. Kf3 Nc4 46. Bf4 Nb2 47. Rd5 Ra3+ 48. Kg4 Nd3 49. Bd6 Rb3 50. h4
Kf7 51. Bg3 Rc3 52. h5 Nc5 53. Bf4 Ne4 54. Kf5 Ng3+ 55. Kg4 Ne2 56. Rd7+
Kg8 57. h6 gxh6 58. Bxh6 Rc5 59. Rg7+ Kh8 60. Rf7 Nc3 61. Rxf6 Kh7 62. Bf8
Rd5 63. Re6 1/2-1/2

[Event "TCh-FRA Nat1 Final"]
[Site "Belfort FRA"]
[Date "2004.05.08"]
[Round "8"]
[White "Mensch,E"]
[Black "Giffard,N"]
[Result "0-1"]
[WhiteElo "2368"]
[BlackElo "2343"]
[EventDate "2004.05.01"]

1. d4 Nf6 2. Bg5 d6 3. Bxf6 exf6 4. e3 f5 5. g3 Nd7 6. Bg2 Nf6 7. Ne2 g6 8.
c4 Bg7 9. Nbc3 O-O 10. O-O Re8 11. b4 c6 12. Qd3 h5 13. h4 Ng4 14. Nf4 g5
15. hxg5 Qxg5 16. Rae1 h4 17. Nh3 Qh6 18. gxh4 Qxh4 19. Ne2 Re6 20. Nef4
Rh6 21. b5 Bd7 22. bxc6 bxc6 23. Rb1 Kh8 24. Rb7 Nf6 25. Qa3 Rg8 26. Rxd7
Nxd7 27. Qxa7 Be5 28. dxe5 Rxg2+ 29. Nxg2 Qxh3 30. f4 Nc5 31. Qa8+ Kh7 32.
Qf8 Qh2+ 33. Kf2 Nd3+ 34. Ke2 Qxg2+ 35. Kxd3 Qxf1+ 36. Kc3 Qc1+ 37. Kd3
Qb1+ 38. Kc3 Qb7 39. exd6 Rh2 40. Kd3 c5 41. Qe7 Qb1+ 0-1

[Event "TCh-FRA Nat1 Final"]
[Site "Belfort FRA"]
[Date "2004.05.08"]
[Round "8"]
[White "Buchy,D"]
[Black "Wagner,Cl"]
[Result "1/2-1/2"]
[WhiteElo "2191"]
[BlackElo "2357"]
[EventDate "2004.05.01"]

1. f4 d5 2. Nf3 g6 3. e3 Bg7 4. d4 Nh6 5. Bd3 Bf5 6. O-O O-O 7. c3 Nd7 8.
Qe2 c5 9. b3 Qc7 10. Bb2 Rac8 11. Na3 a6 12. Rac1 Bxd3 13. Qxd3 Nf5 14. c4
dxc4 15. Nxc4 b5 16. Nce5 Qb7 17. Nxd7 Qxd7 18. Ne5 Bxe5 19. fxe5 cxd4 20.
exd4 Qd5 21. Rfd1 Rfd8 22. Rxc8 Rxc8 23. Qe2 e6 24. Rd2 a5 25. Qf2 h5 26.
h3 h4 27. Kh2 Ng3 28. Rc2 Rxc2 29. Qxc2 Nf1+ 30. Kg1 Ne3 31. Qe2 Nf5 32.
Qd3 Ne7 33. Qe3 Nf5 34. Qd3 Ne7 35. Qe3 Nc6 36. Qf3 Qd7 37. Qe4 Qd5 38.
Qxh4 Nb4 39. Ba3 Nc6 40. Bc5 Nxe5 41. Qe7 Nd7 42. Bd6 Qxd4+ 43. Kh1 Ne5
1/2-1/2

[Event "TCh-FRA Nat1 Final"]
[Site "Belfort FRA"]
[Date "2004.05.08"]
[Round "8"]
[White "Joanovits,M"]
[Black "Netzer,J"]
[Result "0-1"]
[WhiteElo "2060"]
[BlackElo "2301"]
[EventDate "2004.05.01"]

1. e4 c5 2. Nf3 Nc6 3. Bb5 e6 4. c3 Nge7 5. O-O a6 6. Be2 d5 7. exd5 Nxd5
8. d4 cxd4 9. Nxd4 Bd7 10. c4 Nf6 11. Nc3 Qc7 12. Be3 Be7 13. Rc1 Nxd4 14.
Bxd4 O-O 15. Qb3 Rac8 16. Rfd1 Bc6 17. Be3 Qb8 18. Rd2 Rfd8 19. Rcd1 Rxd2
20. Rxd2 Nd7 21. Qd1 Ne5 22. Bf4 h6 23. Bg3 Qc7 24. Bf1 Bf6 25. a3 Qa5 26.
b4 Qxa3 27. Bxe5 Bxe5 28. Rd8+ Rxd8 29. Qxd8+ Kh7 30. b5 Qxc3 31. bxc6 bxc6
32. Qd7 Bd4 33. Qxc6 a5 34. Qe4+ g6 35. Qf4 Kg7 36. g3 a4 37. c5 a3 0-1

[Event "TCh-FRA Nat1 Final"]
[Site "Belfort FRA"]
[Date "2004.05.08"]
[Round "8"]
[White "Heinz,Ti"]
[Black "Vasseur,P"]
[Result "1-0"]
[WhiteElo "2120"]
[BlackElo "2164"]
[EventDate "2004.05.01"]

1. e4 Nf6 2. e5 Nd5 3. c4 Nb6 4. d4 d6 5. exd6 exd6 6. Nc3 Be7 7. Bd3 Nc6
8. Nge2 Bf6 9. Be3 Bg4 10. Qd2 Nb4 11. O-O Nxd3 12. Qxd3 O-O 13. b3 Re8 14.
Ng3 Kh8 15. h3 Bd7 16. a4 a6 17. Nh5 Bg5 18. Nf4 c6 19. c5 Nc8 20. Rfe1 Qf6
21. Nh5 Qh6 22. Bxg5 Qxg5 23. Ng3 Re6 24. d5 Rg6 25. Qf3 f5 26. dxc6 bxc6
27. Qxf5 Qxf5 28. Nxf5 dxc5 29. Rad1 Nb6 30. Ne7 Rg5 31. a5 Nd5 32. Nexd5
cxd5 33. Rxd5 Rxd5 34. Nxd5 Kg8 35. Nb6 Re8 36. Rxe8+ Bxe8 37. Kf1 Kf7 38.
Ke2 Ke6 39. Ke3 Bc6 40. g3 Bg2 41. h4 h5 42. Kf4 g6 43. f3 Bf1 44. Nc4 Bd3
45. Ke3 Bc2 46. Nd2 Kd5 47. g4 Kc6 48. gxh5 gxh5 49. Kf4 Bg6 50. Ke5 Kb5
51. f4 Kb4 52. f5 Bf7 53. Kd6 Kc3 54. Ne4+ Kd4 55. Nxc5 Ke3 56. f6 1-0

[Event "TCh-FRA Nat1 Final"]
[Site "Belfort FRA"]
[Date "2004.05.09"]
[Round "9"]
[White "Delchev,A"]
[Black "Shirov,A"]
[Result "1/2-1/2"]
[WhiteElo "2602"]
[BlackElo "2713"]
[EventDate "2004.05.01"]

1. d4 d5 2. c4 c6 3. Nc3 Nf6 4. e3 a6 5. Nf3 b5 6. b3 Bg4 7. Be2 e6 8. O-O
Nbd7 9. h3 Bh5 10. Bb2 Bd6 11. Ne5 Bxe2 12. Nxe2 Qc7 13. cxd5 cxd5 14. Rc1
Qb8 15. Nxd7 Nxd7 16. e4 dxe4 17. d5 O-O 18. dxe6 Nc5 19. exf7+ Rxf7 20.
Qd5 Nd3 21. Rb1 Bh2+ 22. Kh1 Bc7 23. Nd4 Qe8 24. Ne6 Nf4 25. Nxf4 Rd8 26.
Qe6 Bxf4 27. Qxa6 Ra8 28. Qb6 Rxa2 29. Rfe1 Bd2 30. Red1 e3 31. fxe3 Bxe3
32. Qd6 Raa7 33. Re1 Rae7 34. Ra1 Ba7 35. Rxe7 Rxe7 36. Qd5+ Kh8 37. Bc3
Bb8 38. Rf1 h6 39. Qf5 Bd6 40. Qd5 Re6 41. Qf5 Qg6 42. Qxg6 Rxg6 43. g4 h5
44. Rf5 hxg4 45. Rxb5 Rh6 46. Be5 Rxh3+ 47. Kg2 Bxe5 48. Rxe5 Rxb3 49. Re4
g3 50. Rg4 1/2-1/2

[Event "TCh-FRA Nat1 Final"]
[Site "Belfort FRA"]
[Date "2004.05.09"]
[Round "9"]
[White "Tkachiev,V"]
[Black "Nikolaidis,I"]
[Result "1/2-1/2"]
[WhiteElo "2635"]
[BlackElo "2518"]
[EventDate "2004.05.01"]

1. d4 Nf6 2. c4 e6 3. Nf3 b6 4. g3 Bb7 5. Bg2 Bb4+ 6. Bd2 Qe7 7. O-O O-O 8.
Bg5 h6 9. Bxf6 Qxf6 10. a3 Be7 11. Nc3 d6 12. Qc2 c6 13. Rad1 Nd7 14. d5
exd5 15. Nd4 Rfe8 16. b4 a6 17. b5 cxb5 18. cxb5 Bf8 19. Bxd5 Bxd5 20. Nxd5
Qg5 21. Nc6 Qh5 22. Rd2 axb5 23. Nc7 Nf6 24. Nxe8 Rxe8 25. Nd4 d5 26. Qd3
Bc5 27. Qf3 Qxf3 28. exf3 Bxa3 29. Nxb5 Bc5 30. Nc7 Re5 31. f4 Rh5 32. Kg2
d4 33. Kf3 Rxh2 34. Nb5 h5 35. Nxd4 h4 36. Nb3 Be7 37. Rc1 g6 38. Re2 Ba3
39. Rc6 Nh5 40. Rc8+ Kg7 41. Rc6 hxg3 42. fxg3 Rxe2 43. Kxe2 Nxg3+ 44. Kf3
Nf5 45. Rxb6 1/2-1/2

[Event "TCh-FRA Nat1 Final"]
[Site "Belfort FRA"]
[Date "2004.05.09"]
[Round "9"]
[White "Vaisser,A"]
[Black "Fontaine,R"]
[Result "1-0"]
[WhiteElo "2573"]
[BlackElo "2525"]
[EventDate "2004.05.01"]

1. d4 d5 2. c4 c6 3. Nc3 Nf6 4. cxd5 cxd5 5. Bf4 Nc6 6. e3 a6 7. Bd3 Bg4 8.
Nge2 e6 9. Rc1 Be7 10. Bg5 Bxe2 11. Qxe2 Rc8 12. O-O O-O 13. Na4 Nd7 14.
Bxe7 Qxe7 15. Rc3 Nb4 16. Bb1 b5 17. Rfc1 Rxc3 18. Nxc3 Rc8 19. a3 Nc6 20.
a4 Na7 21. Bd3 Qb4 22. Ra1 Rb8 23. Qc2 bxa4 24. Nxa4 Rc8 25. Nc3 g6 26.
Rxa6 Rc7 27. g3 Kg7 28. Kg2 Nf6 29. Ra3 Rb7 30. Na4 Nb5 31. Nc5 Nxa3 32.
bxa3 Qb6 33. Nxb7 Qxb7 34. Qc3 e5 35. a4 e4 36. Bb5 h5 37. h3 g5 38. Qc5
Qa8 39. Qc7 Qf8 40. Qe5 Kg6 41. h4 gxh4 42. gxh4 Nh7 43. Qxd5 f5 44. Qe5
Nf6 45. Qg3+ Ng4 46. Qf4 Kh7 47. Qg5 Nh6 48. Bf1 Ng8 49. Qd8 Qxd8 1-0

[Event "TCh-FRA Nat1 Final"]
[Site "Belfort FRA"]
[Date "2004.05.09"]
[Round "9"]
[White "Kazhgaleyev,M"]
[Black "Sulava,N"]
[Result "1-0"]
[WhiteElo "2596"]
[BlackElo "2478"]
[EventDate "2004.05.01"]

1. d4 Nf6 2. c4 e6 3. Nf3 Bb4+ 4. Bd2 Qe7 5. g3 Nc6 6. Nc3 O-O 7. Bg2 Na5
8. b3 b6 9. O-O Bb7 10. Qc2 Rac8 11. Rfe1 c5 12. e4 cxd4 13. Nxd4 Bc5 14.
Nf3 Ng4 15. Re2 Nc6 16. Na4 Nge5 17. Bc3 Nxf3+ 18. Bxf3 Nd4 19. Bxd4 Bxd4
20. Rd1 Be5 21. Bg2 b5 22. Nb2 Ba6 23. Red2 Rfd8 24. Bf1 g5 25. Nd3 Bd4 26.
Ne1 Bg7 27. Nf3 h6 28. h3 Rc7 29. Rd6 Bb7 30. c5 b4 31. Bb5 f5 32. c6 g4
33. hxg4 fxg4 34. Rxd7 Rcxd7 35. Rxd7 Rxd7 36. cxd7 gxf3 37. Qc7 Bf6 38. e5
Qd8 39. Qxb7 Bxe5 40. Bf1 1-0

[Event "TCh-FRA Nat1 Final"]
[Site "Belfort FRA"]
[Date "2004.05.09"]
[Round "9"]
[White "Bujisho,B"]
[Black "Chabanon,JL"]
[Result "1/2-1/2"]
[WhiteElo "2392"]
[BlackElo "2456"]
[EventDate "2004.05.01"]

1. e4 c5 2. Nf3 Nc6 3. Nc3 d6 4. d4 cxd4 5. Nxd4 Nf6 6. Bg5 e6 7. Qd2 a6 8.
O-O-O Bd7 9. Kb1 Qc7 10. f3 Be7 11. h4 h6 12. Be3 Nxd4 13. Bxd4 e5 14. Be3
Be6 15. g4 b5 16. Rh2 Rb8 17. g5 b4 18. Na4 Nh5 19. b3 Nf4 20. Bxf4 exf4
21. Qxf4 Qa5 22. Nb2 hxg5 23. hxg5 Rxh2 24. Qxh2 Qxg5 25. Bc4 Rd8 26. f4
Qh6 27. Qxh6 gxh6 28. Rh1 Bxc4 29. Nxc4 d5 30. exd5 Rxd5 31. Rxh6 Rd1+ 32.
Kb2 Bf8 33. Rh7 Rg1 34. a3 bxa3+ 35. Nxa3 Bg7+ 36. c3 Rg2+ 37. Nc2 Rg3 38.
Rh1 1/2-1/2

[Event "TCh-FRA Nat1 Final"]
[Site "Belfort FRA"]
[Date "2004.05.09"]
[Round "9"]
[White "Godena,M"]
[Black "Sharif,Me"]
[Result "1/2-1/2"]
[WhiteElo "2533"]
[BlackElo "2462"]
[EventDate "2004.05.01"]

1. e4 e6 2. d4 d5 3. Nd2 c5 4. exd5 exd5 5. Ngf3 Nf6 6. Bb5+ Bd7 7. Bxd7+
Nbxd7 8. O-O Be7 9. dxc5 Nxc5 10. Nb3 Nce4 11. Nfd4 Qd7 12. f3 Nd6 13. Nc5
Qc8 14. Nd3 O-O 15. Be3 Re8 16. Bf2 Bd8 17. Re1 Bb6 18. Qd2 Qc4 19. b3 Qc7
20. Rxe8+ Rxe8 21. Re1 Qd7 22. Rxe8+ Ndxe8 23. a4 Qd8 24. g3 g6 25. Kg2 Kg7
26. Qc3 Kg8 27. Qd2 Kg7 28. Nf4 Kg8 29. Kg1 h5 30. Nd3 a6 31. Kg2 Qd6 32.
Qb4 Qxb4 33. Nxb4 Bc5 34. Nd3 Bd6 35. Ne2 Nd7 36. Nc3 Nc7 37. h3 Kf8 38. g4
hxg4 39. fxg4 g5 40. Ne2 Ne6 41. Nd4 Nxd4 42. Bxd4 Ke7 43. Bf2 Ke8 1/2-1/2

[Event "TCh-FRA Nat1 Final"]
[Site "Belfort FRA"]
[Date "2004.05.09"]
[Round "9"]
[White "Leski,M"]
[Black "Gozzoli,Y"]
[Result "1-0"]
[WhiteElo "2417"]
[BlackElo "2421"]
[EventDate "2004.05.01"]

1. Nf3 Nf6 2. c4 g6 3. Nc3 Bg7 4. e4 d6 5. d4 O-O 6. Be2 a5 7. Be3 Na6 8.
O-O Bg4 9. Nd2 Bxe2 10. Qxe2 e5 11. d5 Nd7 12. a3 Ndc5 13. b3 f5 14. f3 Nd7
15. Rfb1 Bf6 16. b4 Bg5 17. Bf2 axb4 18. axb4 Nxb4 19. Rxa8 Qxa8 20. Rxb4
Qa5 21. Rb3 Nc5 22. Bxc5 Qxc5+ 23. Kh1 Ra8 24. Nf1 Qd4 25. Nb5 Qa1 26. Nc3
Qc1 27. g3 fxe4 28. Nxe4 Ra2 29. Qd3 1-0

[Event "TCh-FRA Nat1 Final"]
[Site "Belfort FRA"]
[Date "2004.05.09"]
[Round "9"]
[White "Anic,D"]
[Black "Claverie,C"]
[Result "1-0"]
[WhiteElo "2454"]
[BlackElo "2339"]
[EventDate "2004.05.01"]

1. Nf3 Nf6 2. c4 g6 3. g3 Bg7 4. Bg2 O-O 5. O-O d6 6. d4 c6 7. Nc3 Qa5 8.
h3 Be6 9. Nd2 d5 10. Nb3 Qd8 11. Nc5 Bc8 12. cxd5 Nxd5 13. e4 Nb6 14. e5
N8d7 15. N5e4 Nd5 16. Nxd5 cxd5 17. Nc3 Nb6 18. b3 Be6 19. Bg5 Qd7 20. Kh2
f6 21. exf6 exf6 22. Be3 Nc8 23. Qd2 Ne7 24. Rfe1 Bf7 25. Bh6 Bxh6 26. Qxh6
Nf5 27. Qd2 Rac8 28. Rac1 Qd6 29. Ne2 h5 30. Kg1 Kg7 31. h4 Rxc1 32. Rxc1
Re8 33. Nf4 b6 34. Bh3 Nh6 35. Qc2 Re7 36. Qc8 g5 37. hxg5 fxg5 38. Nd3 g4
39. Bg2 Be6 40. Qa8 Rc7 41. Rxc7+ Qxc7 42. Bxd5 Qd7 43. Bxe6 Qxe6 44. Qxa7+
Kf6 45. Qh7 Nf5 46. Qxh5 Qe2 47. Qh8+ Kg5 48. Qd8+ Ne7 49. d5 1-0

[Event "TCh-FRA Nat1 Final"]
[Site "Belfort FRA"]
[Date "2004.05.09"]
[Round "9"]
[White "Nicoara,M"]
[Black "Sebag,M"]
[Result "0-1"]
[WhiteElo "2252"]
[BlackElo "2398"]
[EventDate "2004.05.01"]

1. d4 d5 2. c4 c6 3. Nf3 Nf6 4. Nc3 a6 5. c5 Nbd7 6. Bf4 Nh5 7. e3 Nxf4 8.
exf4 Qc7 9. Qd2 g6 10. Bd3 Bh6 11. Ne2 O-O 12. Ng5 Nf6 13. Ng3 Ne8 14. Qe3
Ng7 15. h4 f6 16. Ne2 Bg4 17. f3 Bf5 18. Bxf5 Nxf5 19. Qe6+ Kh8 20. g4 fxg5
21. hxg5 Nxd4 22. Nxd4 Qxf4 23. Nf5 gxf5 24. Qxh6 Qe3+ 25. Kd1 Qxf3+ 26.
Kd2 Qf4+ 27. Kc2 Qe4+ 28. Kd2 fxg4 29. Raf1 Kg8 30. b3 g3 31. Ra1 Qe1+ 32.
Kxe1 0-1

[Event "TCh-FRA Nat1 Final"]
[Site "Belfort FRA"]
[Date "2004.05.09"]
[Round "9"]
[White "Dorfman,J"]
[Black "Bologan,V"]
[Result "1-0"]
[WhiteElo "2602"]
[BlackElo "2665"]
[EventDate "2004.05.01"]

1. d4 Nf6 2. c4 g6 3. Nc3 Bg7 4. e4 d6 5. Nf3 O-O 6. Be2 e5 7. O-O Nc6 8.
d5 Ne7 9. b4 Nh5 10. Re1 a5 11. bxa5 Rxa5 12. Nd2 Nf4 13. Bf1 c5 14. a4 Kh8
15. Ra3 Ng8 16. Nb5 Nh6 17. Nf3 f6 18. Bxf4 exf4 19. Qd2 Nf7 20. Qxf4 f5
21. Qc1 Ra8 22. h3 fxe4 23. Rxe4 Bf5 24. Re1 Bd7 25. Qc2 Ne5 26. Ree3 Bf5
27. Qd1 Nxf3+ 28. Rxf3 Be5 29. Bd3 Qe7 30. Bxf5 gxf5 31. g3 f4 32. g4 h5
33. Kf1 Rf7 34. Qd3 Rg8 35. a5 Rh7 36. Qe4 hxg4 37. hxg4 Rh1+ 38. Ke2 Qh4
39. Qf5 Rg7 40. a6 bxa6 41. Rxa6 Qh7 42. Nxd6 Qxf5 43. Nxf5 Rg1 44. Rfa3
Rh7 45. Re6 Re1+ 46. Kf3 Rh3+ 47. Ng3 Kg7 48. Ra7+ Kh8 49. Rc6 Bd4 50. Kg2
Rh4 51. Nf5 Rh5 52. Nd6 1-0

[Event "TCh-FRA Nat1 Final"]
[Site "Belfort FRA"]
[Date "2004.05.09"]
[Round "9"]
[White "Rausis,I"]
[Black "Efimov,I"]
[Result "1/2-1/2"]
[WhiteElo "2484"]
[BlackElo "2496"]
[EventDate "2004.05.01"]

1. Nf3 e6 2. c4 d5 3. g3 a6 4. b3 dxc4 5. bxc4 b5 6. Bg2 Bb7 7. O-O Nf6 8.
d4 Be7 9. Qb3 O-O 10. cxb5 Bd5 11. Qb2 axb5 12. Qxb5 Nc6 13. Nc3 Bxf3 14.
exf3 Nxd4 15. Qc4 c5 16. Bg5 1/2-1/2

[Event "TCh-FRA Nat1 Final"]
[Site "Belfort FRA"]
[Date "2004.05.09"]
[Round "9"]
[White "Bellaiche,A"]
[Black "Vallin,G"]
[Result "1-0"]
[WhiteElo "2476"]
[BlackElo "2419"]
[EventDate "2004.05.01"]

1. e4 e6 2. d4 d5 3. Nc3 Nf6 4. e5 Nfd7 5. f4 c5 6. Nf3 Nc6 7. Be3 cxd4 8.
Nxd4 Bc5 9. Qd2 Nxd4 10. Bxd4 Bxd4 11. Qxd4 Qb6 12. Nb5 Qxd4 13. Nxd4 a6
14. O-O-O O-O 15. h4 Nc5 16. Bd3 f6 17. exf6 gxf6 18. Rhe1 Bd7 19. c3 Rae8
20. Bc2 f5 21. Re5 Ne4 22. c4 dxc4 23. Nxf5 exf5 24. Rxd7 Rxe5 25. fxe5 Re8
26. Rxb7 Rxe5 27. Rc7 Ng3 28. Rxc4 Re1+ 29. Kd2 Re2+ 30. Kd3 Rxg2 31. Rc7
h5 32. Ke3 Ne4 33. Kf4 Rf2+ 34. Ke5 Kf8 35. Ke6 Ng3 36. b4 f4 37. Bd3 Rxa2
38. Rf7+ Ke8 39. Rxf4 Ne2 40. Re4 Ng1 41. Bc4 Ra1 42. Re3 Kf8 43. Kf6 Rc1
44. Bxa6 Rc6+ 45. Re6 Rxe6+ 46. Kxe6 Nf3 47. Bb7 Nd4+ 48. Kd5 Nb5 49. Kc5
Nc7 50. Bc8 Ke7 51. Kc6 Ne8 52. Bf5 Nd6 53. Bg6 Nc4 54. Bxh5 Ne3 55. Bg6
1-0

[Event "TCh-FRA Nat1 Final"]
[Site "Belfort FRA"]
[Date "2004.05.09"]
[Round "9"]
[White "Eliet,N"]
[Black "Miralles,G"]
[Result "0-1"]
[WhiteElo "2412"]
[BlackElo "2450"]
[EventDate "2004.05.01"]

1. d4 f5 2. Nc3 g6 3. h4 Bg7 4. h5 c5 5. d5 d6 6. Nf3 Qb6 7. Bd2 Nd7 8. Rb1
Ne5 9. Nxe5 Bxe5 10. Na4 Qc7 11. Bc3 gxh5 12. Bxe5 dxe5 13. e3 Nf6 14. Be2
Rg8 15. Bxh5+ Kf8 16. g3 b5 17. Nc3 b4 18. Ne2 Ba6 19. Rh4 Rd8 20. c4 bxc3
21. Nxc3 f4 22. Be2 fxe3 23. fxe3 e4 24. Rf4 Rxg3 25. Rxf6+ exf6 26. Bxa6
Rxe3+ 27. Kd2 Rxc3 28. Kxc3 Qa5+ 29. b4 cxb4+ 30. Rxb4 Qxa6 31. Rxe4 Qa5+
0-1

[Event "TCh-FRA Nat1 Final"]
[Site "Belfort FRA"]
[Date "2004.05.09"]
[Round "9"]
[White "Payen,A"]
[Black "Kosten,A"]
[Result "0-1"]
[WhiteElo "2392"]
[BlackElo "2507"]
[EventDate "2004.05.01"]

1. d4 Nf6 2. Nf3 e6 3. e3 c5 4. Bd3 Nc6 5. O-O d5 6. b3 Be7 7. Bb2 b6 8. c4
cxd4 9. exd4 O-O 10. Nc3 Ba6 11. Rc1 Rc8 12. Nb5 Nb4 13. a4 Nxd3 14. Qxd3
dxc4 15. bxc4 Bb7 16. Nxa7 Ra8 17. Nb5 Rxa4 18. Ra1 Rxa1 19. Rxa1 Qb8 20.
Ne5 Rd8 21. Qe2 Ne4 22. Qh5 g6 23. Qh3 Bf6 24. Nxf7 Kxf7 25. Qxh7+ Bg7 26.
d5 e5 27. Qh3 Nc5 28. Qf3+ Kg8 29. Qg4 Ba6 30. Qxg6 Bxb5 31. cxb5 Rxd5 32.
f4 Qd8 33. Rf1 Rd1 34. Bxe5 Rxf1+ 35. Kxf1 Qd1+ 36. Kf2 Nd3+ 37. Kg3 Qe1+
38. Kg4 Nxe5+ 39. fxe5 Qxe5 40. Qg5 Qxh2 41. Qd8+ Bf8 42. Qd5+ Kg7 43. Qd7+
Kf6 44. Qd8+ Ke5 45. Qxf8 Qxg2+ 46. Kh4 Qh2+ 47. Kg4 Qe2+ 48. Kg5 Qe3+ 49.
Kg4 Kd5 50. Qa8+ Kc4 51. Qa4+ Kc5 52. Qa6 Qd3 53. Kf4 Qxb5 54. Qa7 Qc4+ 55.
Ke3 Qd4+ 56. Ke2 Kb4 57. Ke1 Kb3 58. Ke2 Qe4+ 59. Kd2 Qc2+ 60. Ke3 b5 61.
Qa6 b4 0-1

[Event "TCh-FRA Nat1 Final"]
[Site "Belfort FRA"]
[Date "2004.05.09"]
[Round "9"]
[White "Renet,O"]
[Black "Lefebvre,H"]
[Result "1/2-1/2"]
[WhiteElo "2517"]
[BlackElo "2227"]
[EventDate "2004.05.01"]

1. c4 e6 2. Nf3 Nf6 3. d4 d5 4. e3 c6 5. Bd3 Nbd7 6. Nbd2 Bd6 7. e4 dxe4 8.
Nxe4 Nxe4 9. Bxe4 O-O 10. O-O h6 11. Bc2 e5 12. Re1 exd4 13. Qxd4 Bc5 14.
Qc3 a5 15. a3 Nf6 16. Be3 Bxe3 17. Rxe3 Bg4 18. Ne5 Be6 19. Rae1 c5 20. Ng6
Re8 21. Ba4 Bd7 22. Rxe8+ Bxe8 23. Bxe8 Nxe8 24. Ne7+ Kf8 25. h3 Nf6 26.
Nf5 Ra6 27. Qg3 Nh5 28. Qe5 Rc6 29. Re3 b6 30. Rd3 Qe8 31. Qc3 Re6 32. Kh2
Qb8+ 33. g3 Nf6 34. Qd2 Qe5 35. Rd8+ Re8 36. Qd6+ Qxd6 37. Rxd6 Re6 38.
Rxe6 fxe6 39. Nd6 Nd7 40. f4 Ke7 41. Ne4 Nf6 42. Nc3 e5 43. fxe5 Nd7 44.
Kg2 Ke6 45. Kf2 Kxe5 46. Ke3 Nf6 47. Na4 Nd7 48. b3 g6 49. Kd3 h5 50. Ke3
Kf5 51. Nc3 Nf6 52. Na4 Nd7 53. Nb2 Ne5 54. Na4 1/2-1/2

[Event "TCh-FRA Nat1 Final"]
[Site "Belfort FRA"]
[Date "2004.05.09"]
[Round "9"]
[White "Gervais,C"]
[Black "Lallemand,R"]
[Result "0-1"]
[WhiteElo "2148"]
[BlackElo "2277"]
[EventDate "2004.05.01"]

1. d4 Nf6 2. c4 d6 3. Nc3 c6 4. e4 g6 5. f3 Bg7 6. Bg5 Nbd7 7. Qd2 O-O 8.
Nh3 a6 9. a4 e5 10. d5 Nc5 11. Ra3 Bxh3 12. gxh3 a5 13. Bg2 h6 14. Be3 cxd5
15. cxd5 Nfd7 16. O-O Kh7 17. Kh1 f5 18. exf5 gxf5 19. f4 e4 20. Rg1 Qf6
21. Bf1 Rg8 22. Nb5 Qe7 23. Nd4 Qf7 24. Nb5 Bf8 25. Rxg8 Qxg8 26. Nc7 Rc8
27. Qxa5 Qg7 28. Ne6 Qxb2 29. Qc3 Qb1 30. Ra1 Qb3 31. Qxb3 Nxb3 32. Rb1 Rc3
33. Bd4 Nxd4 34. Nxd4 Nc5 35. Nxf5 Rf3 36. Be2 Rxf4 37. Ng3 Bg7 38. Nh5 Rf2
39. Nxg7 Kxg7 40. Bb5 Kf6 41. a5 Ra2 42. Kg1 Ke5 43. Be8 Rxa5 44. Bf7 Ra2
45. Re1 Rb2 46. h4 b5 47. Ra1 b4 48. Ra8 b3 49. Rb8 Rc2 0-1

[Event "TCh-FRA Nat1 Final"]
[Site "Belfort FRA"]
[Date "2004.05.09"]
[Round "9"]
[White "Marciano,D"]
[Black "Beikert,G"]
[Result "1/2-1/2"]
[WhiteElo "2514"]
[BlackElo "2440"]
[EventDate "2004.05.01"]

1. e4 c6 2. Nc3 d5 3. d4 dxe4 4. Nxe4 Bf5 5. Nc5 Qb6 6. Nf3 e6 7. Ne5 Bxc5
8. dxc5 Qxc5 9. Nc4 Nf6 10. Be3 Qd5 11. Nd6+ Ke7 12. Nxb7 Nbd7 13. Ba6 Ng4
14. Qxd5 cxd5 15. Bd2 Bxc2 16. Rc1 Bf5 17. O-O Nge5 18. Rc7 Rhc8 19. Rfc1
Rxc7 20. Rxc7 Bd3 21. Rxd7+ Nxd7 22. Bxd3 Rb8 23. Ba6 Rc8 24. Bb4+ Kf6 25.
Bc3+ e5 26. Na5 Rc7 27. f4 d4 28. fxe5+ Kxe5 29. Bb4 Ke4 30. Nc4 Kd5 31. b3
Nc5 32. Bb5 Re7 33. Nb2 Rc7 34. Kf1 f5 35. Bc4+ Ke4 36. Ke2 g6 37. Nd1 Ke5
38. Nf2 Ne4 39. Nd3+ Kf6 40. a4 Rc8 41. a5 g5 42. a6 h5 43. h4 Re8 44.
hxg5+ Kxg5 45. Kf3 Nc3 46. Nc5 Re3+ 47. Kf2 Kg4 48. Kf1 f4 49. Ne6 f3 50.
Nxd4 fxg2+ 51. Kxg2 Ne4 52. Be2+ Kf4 53. Bxh5 Rd3 54. Ne6+ Ke3 55. Nc5 Rd5
56. Nxe4 Rxh5 57. Nc5 Rf5 58. Be1 Rg5+ 59. Bg3 Rg6 60. b4 Kd4 61. Kf3 Kc4
62. Be1 Kb5 63. Ke4 Rxa6 64. Nxa6 Kxa6 65. Kd5 Kb5 66. Kd6 a5 67. bxa5 Ka6
68. Kc7 Ka7 69. Bf2+ Ka8 70. a6 1/2-1/2

[Event "TCh-FRA Nat1 Final"]
[Site "Belfort FRA"]
[Date "2004.05.09"]
[Round "9"]
[White "Svidler,P"]
[Black "Flear,G"]
[Result "1/2-1/2"]
[WhiteElo "2733"]
[BlackElo "2489"]
[EventDate "2004.05.01"]

1. e4 e5 2. Nf3 Nc6 3. Bb5 a6 4. Ba4 Nf6 5. O-O Be7 6. Re1 b5 7. Bb3 d6 8.
c3 O-O 9. h3 Na5 10. Bc2 c5 11. d4 Qc7 12. Nbd2 cxd4 13. cxd4 Nc6 14. Nb3
a5 15. Be3 a4 16. Nbd2 Bd7 17. Rc1 Qb7 18. Nf1 exd4 19. Nxd4 Ne5 20. Ng3 g6
21. b3 Rfc8 22. f4 axb3 23. axb3 Nc6 24. Nf3 Nb4 25. Bb1 Na2 26. Rxc8+ Qxc8
27. Bd4 Nc3 28. Qd2 Nxb1 29. Rxb1 Ra6 30. f5 d5 31. fxg6 hxg6 32. exd5 Nxd5
33. Qh6 Bf6 34. Rd1 Qc2 35. Rd2 Qc1+ 36. Kh2 Bxd4 37. Nxd4 Ra2 38. Nf3 Rxd2
39. Nxd2 Nf6 40. Qf4 Qc6 41. Qd4 Bc8 1/2-1/2

[Event "TCh-FRA Nat1 Final"]
[Site "Belfort FRA"]
[Date "2004.05.09"]
[Round "9"]
[White "Hamdouchi,H"]
[Black "Grischuk,A"]
[Result "1/2-1/2"]
[WhiteElo "2544"]
[BlackElo "2719"]
[EventDate "2004.05.01"]

1. e4 e5 2. Nf3 Nf6 3. Nxe5 d6 4. Nf3 Nxe4 5. Nc3 Nxc3 6. dxc3 Be7 7. Bf4
Nc6 8. Qd2 Bg4 9. Be2 Qd7 10. O-O-O O-O-O 11. Rhe1 a6 12. h3 Bf5 13. Nd4
Nxd4 14. Qxd4 c5 15. Qd5 Be6 16. Bg4 Bxd5 17. Rxd5 Rhe8 18. c4 Qxg4 19.
hxg4 Bg5 20. Rxe8 Bxf4+ 21. Re3 Bxe3+ 22. fxe3 Kd7 23. Rh5 h6 24. g5 hxg5
25. Rxg5 g6 26. a4 Ke6 27. Kd2 Rh8 28. Kd3 Rh1 29. Rg4 Rb1 30. b3 Rg1 31.
Rg5 a5 32. Rg4 Kf6 33. Rf4+ Kg7 34. Rf2 Kf8 35. Ke4 Ke7 36. Kf3 Ke6 37. Rd2
Rf1+ 38. Ke2 Rc1 39. Kf3 1/2-1/2

[Event "TCh-FRA Nat1 Final"]
[Site "Belfort FRA"]
[Date "2004.05.09"]
[Round "9"]
[White "Adams,Mi"]
[Black "Santo Roman,M"]
[Result "1-0"]
[WhiteElo "2731"]
[BlackElo "2403"]
[EventDate "2004.05.01"]

1. e4 Nf6 2. e5 Nd5 3. d4 d6 4. c4 Nb6 5. exd6 cxd6 6. Nc3 g6 7. Be3 Bg7 8.
Rc1 O-O 9. b3 e5 10. dxe5 dxe5 11. Qxd8 Rxd8 12. c5 N6d7 13. Nf3 Nc6 14.
Bc4 h6 15. Ne4 Re8 16. O-O Re7 17. Nd6 Nf8 18. Nxc8 Rxc8 19. Nd2 Na5 20. b4
Nxc4 21. Nxc4 Ne6 22. Rfd1 Nd4 23. Kf1 Rd8 24. Rd2 Red7 25. Rcd1 f5 26. f4
exf4 27. Bxf4 g5 28. Be5 Bxe5 29. Nxe5 Rd5 30. Nc4 R5d7 31. Kf2 1-0